Régimen Tributario Nacional 2015 / (Registro nro. 4723)

Detalles MARC
000 -LEADER
fixed length control field 01206nam a2200265Ia 4500
003 - CONTROL NUMBER IDENTIFIER
control field OSt
005 - DATE AND TIME OF LATEST TRANSACTION
control field 20200813150022.0
008 - FIXED-LENGTH DATA ELEMENTS--GENERAL INFORMATION
fixed length control field 191128t2015 ck frl f000 0 spa d
020 ## - INTERNATIONAL STANDARD BOOK NUMBER
International Standard Book Number 9789585845084
040 ## - CATALOGING SOURCE
Original cataloging agency CO-JMCR
Transcribing agency CO-JMCR
041 0# - LANGUAGE CODE
Language code of text/sound track or separate title spa
082 04 - DEWEY DECIMAL CLASSIFICATION NUMBER
Classification number 343.04026 /
Item number C718r
Edition number 23
110 1# - MAIN ENTRY--CORPORATE NAME
Corporate name or jurisdiction name as entry element Colombia.
9 (RLIN) 8040
240 10 - UNIFORM TITLE
Uniform title Leyes, decretos, etc.
245 10 - TITLE STATEMENT
Title Régimen Tributario Nacional 2015 /
260 ## - PUBLICATION, DISTRIBUTION, ETC.
Place of publication, distribution, etc. Bogotá :
Name of publisher, distributor, etc. Instituto Colombiano de Dercho Tributario,
Date of publication, distribution, etc. ©2015
300 ## - PHYSICAL DESCRIPTION
Extent lxx, 1228 páginas ;
Dimensions 24 cm.
500 ## - GENERAL NOTE
General note "Incluye Reforma tributaria- Ley 1739 de 2014. Paquete tributario 2015. Cuadernillo de actualización"--Tapa
505 0# - FORMATTED CONTENTS NOTE
Formatted contents note Renta -- Patrimonio -- Ganancias ocasionales -- Reorganizaciones empresariales -- Empleados -- Régimen tributario especial -- Impuesto sobre la renta para la equidad-cree -- Retención en la fuente -- Conceptos sujetos a retención
650 14 - SUBJECT ADDED ENTRY--TOPICAL TERM
Topical term or geographic name entry element Impuestos sobre la renta
General subdivision legislación
Chronological subdivision 2015
Geographic subdivision Colombia
9 (RLIN) 8400
650 14 - SUBJECT ADDED ENTRY--TOPICAL TERM
Topical term or geographic name entry element Impuestos sobre las ventas
General subdivision legislación
Chronological subdivision 2015
Geographic subdivision Colombia
9 (RLIN) 8401
650 14 - SUBJECT ADDED ENTRY--TOPICAL TERM
Topical term or geographic name entry element Derecho fiscal
General subdivision legislación
Chronological subdivision 2015
Geographic subdivision Colombia
9 (RLIN) 8402
650 14 - SUBJECT ADDED ENTRY--TOPICAL TERM
Topical term or geographic name entry element Impuestos
General subdivision legislación
Chronological subdivision 2015
Geographic subdivision Colombia
9 (RLIN) 8403
942 ## - ADDED ENTRY ELEMENTS (KOHA)
Source of classification or shelving scheme Dewey Decimal Classification
Koha item type Books
Existencias
Withdrawn status Lost status Source of classification or shelving scheme Damaged status Not for loan Collection code Home library Current library Date acquired Source of acquisition Total Checkouts Full call number Barcode Date last seen Date last checked out Copy number Koha item type
    Dewey Decimal Classification     Non-fiction Biblioteca Pública José María del Castillo y Rada Biblioteca Pública José María del Castillo y Rada 04/15/2018 Donación 1 343.04026 / C718r 430000053 05/16/2024 10/17/2023 Ej.1 Books